Представление документа в формате RUSMARC

ПолеНазваниеЗначение
  Тип записи a
  Библиографический уровень a
001 Контрольный номер RU/CBS_UL/BASE/53af67a98c20495ea92b0b04c0d99b84
005 Дата корректировки 20260212153943.0
100 Данные общей обработки __
a Данные общей обработки 20260212 ||| 0rusy0189 ca
101 Язык документа 0_
a Язык текста rus
102 Страна публикации __
a Страна публикации RU
200 Заглавие и сведения об ответственности 1_
a Заглавие Крылья рождаются на Волге
e Сведения, относящиеся к заглавию [история развития авиастроения в Ульяновске, к 50-летию основания филиала ульяновского завода «Авиастар»]
f Первые сведения об ответственности О. Злотникова
300 Общие примечания __
a Общие примечания 16+
461 Уровень набора _0
1 2000
a Народная газета
463 Уровень физической единицы _0
1 2000
a № 6 (11 февр.)
v С. 12 ; 21
1 2101
d 2026
1 001RU/CBS_UL/BASE/ef23354423764a68943d1a18230e592a
606 Тематические рубрики 0_
a Основная рубрика Авиастар-СП, закрытое акционерное общество (Ульяновск, город) - История
610 Ключевые слова 0_
a Ключевые слова Авиастар; Авиастар (заводы); Авиастар-СП; авиастроение; Год авиастроителя; история авиастроения; самолётостроение; Руслан (авиакомпании); Руслан (самолёты)
686 Индексы других классификаций __
a Классификационный индекс 39.53
700 Автор _1
a Фамилия Злотникова
b Имя (инициалы) О.
801 Источник записи _0
a Страна RU
b Организация МБУК ЦБС г. Ульяновска
c Дата составления 20260212
g Правила каталогизации RCR
801 Источник записи _1
a Страна RU
b Организация МБУК ЦБС г. Ульяновска
c Дата составления 20260212
g Правила каталогизации RCR
901 Тип документа __
t Тип документа f
w Контрольный № источника RU/CBS_UL/BASE/ef23354423764a68943d1a18230e592a
909 Создатель записи __
a Создатель записи mbo